000 00752nam a22002657a 4500
001 BR8306171
003 BR-BrBNA
005 20230928091825.0
007 ta
008 230509b bl.||||| |||| 00| 0 por d
040 _aBR-BrBNA
_bpor
_cBiblioteca Nacional de Agricultura
041 _a(Por)
072 _aN20
_b4530
090 _ 4530 BR8306171
100 1 _aGarcia, J.Z.
245 1 _aSulcador com marcador de basculante
_bApresentado no 1. Concurso de Equipamentos Agricolas Apropriados ao Pequeno Produtor Rural
260 3 _aGarca, SP (Brasil):
_c1983.
300 _a2 p.
650 _aTECNOLOGIA APROPRIADA
650 _aSULCADOR
650 _aPLANTIO
650 _aHORTALICA
909 _a202309
_bLucia
_c55
_dLucia Elande
942 _cBK
999 _c35720
_d35720